logo

Bir Sreshtho Munshi Abdur Rouf Library
Jhenaidah Cadet College

প্রত্নতাত্ত্বিক ঐতিহ্য / (Record no. 9567)

MARC details
000 -LEADER
fixed length control field 00925nam a2200241 a 4500
001 - CONTROL NUMBER
JCCL Control Number 9567
003 - CONTROL NUMBER IDENTIFIER
JCCL marc code BD-JhCC
005 - DATE AND TIME OF LATEST TRANSACTION
control field 20180319180806.0
008 - FIXED-LENGTH DATA ELEMENTS--GENERAL INFORMATION
fixed length control field 180319s2007 bg a|||| ||a| 001 0 be d
020 ## - INTERNATIONAL STANDARD BOOK NUMBER
International Standard Book Number 984300000966
035 ## - SYSTEM CONTROL NUMBER
system control number (BD-JhCC)9567
040 ## - CATALOGING SOURCE
Original cataloging agency BD-JhCC
Modifying agency BD-JhCC
041 ## - LANGUAGE CODE
Language code of Book ben
082 ## - DEWEY DECIMAL CLASSIFICATION NUMBER
Classification number 954.92
Author mark and Year PRO 2007
245 ## - TITLE STATEMENT
Title প্রত্নতাত্ত্বিক ঐতিহ্য /
Statement of responsibility, etc সম্পাদনায় সুফি মোস্তাফিজুর রহমান
260 ## - PUBLICATION, DISTRIBUTION, ETC. (IMPRINT)
Place of publication, distribution, etc ঢাকা:
Name of publisher, distributor, etc বাংলাদেশ এশিয়াটিক সোসাইটি ;
Date of publication, distribution, etc 2007.
300 ## - PHYSICAL DESCRIPTION
Pagination 560 p. :
Dimensions 24 cm.
490 ## - SERIES STATEMENT
Series statement বাংলাদেশ সাংস্কৃতিক সমীক্ষামালা -১
650 ## - SUBJECT ADDED ENTRY--TOPICAL TERM
Topical term or geographic name as entry element Archaeological
Geographic subdivision Bangladesh
700 ## - ADDED ENTRY--PERSONAL NAME
Personal name রহমান, সুফি মোস্তাফিজুর
942 ## - ADDED ENTRY ELEMENTS (KOHA)
Source of classification or shelving scheme Dewey Decimal Classification
Koha item type Books
Holdings
Source of classification or shelving scheme volume number Damaged status Not for loan Home library Current library Shelving location Date of accession Cost, normal purchase price Full call number Barcode Date last seen Copy number Method of acquisition Koha item type Currency
Dewey Decimal Classification V-1   Not For Loan JCC Rouf Library JCC Rouf Library General Stacks 03/19/2018 100.00 954.92 PRO 2007 12709 03/19/2018 C -1 Purchase Books BDT
Dewey Decimal Classification V-1   Not For Loan JCC Rouf Library JCC Rouf Library General Stacks 09/18/2023 600.00 954.92 PRO 2007 18551 09/18/2023 C-2 Purchase Books BDT

JCC Library | Contacts | JCC Home

Last Update on 23 September 2017
Copyright @ 2017-2020 JCC Rouf Library
Rouf Library, Jhenidah Cadet College (JCC), Bangladesh